[Event "Calvi Balagne rapid KO 12th"]
[Site "Calvi"]
[Date "2014.05.24"]
[Round "6.4"]
[White "Kosteniuk, Alexandra"]
[Black "Lhostis, Florian"]
[Result "1-0"]
[WhiteElo "2530"]
[BlackElo "1847"]
[PlyCount "63"]
[EventDate "2015.05.24"]
[EventType "k.o. (rapid)"]
[EventRounds "14"]
[EventCountry "FRA"]
[SourceTitle "EXT 2016"]
[Source "ChessBase"]
[SourceDate "2015.10.08"]
[SourceVersion "1"]
[SourceVersionDate "2015.10.08"]
[SourceQuality "1"]

1. e4 e6 2. d4 d5 3. Nc3 Bb4 4. a3 Bxc3+ 5. bxc3 dxe4 6. Qg4 Qf6 7. Qxe4 Qg6 8. Qe2 Nf6 9. Nf3 0-0 10. g3 Qe4 11. Bg2 Nbd7 12. Be3 Qg6 13. 0-0 Rb8 14. Rab1 b6 15. Nh4 Qh5 16. Qc4 Nd5 17. Bd2 g5 18. Bf3 g4 19. Bxd5 Qxd5 20. Qxd5 exd5 21. Nf5 Nf6 22. Ne7+ Kg7 23. Bf4 Re8 24. Nc6 Rb7 25. Be5 Bf5 26. f3 Kg6 27. Bxf6 Bxc2 28. Rb2 Kxf6 29. fxg4+ Kg5 30. Rxc2 f6 31. Rcf2 Re6 32. Nd8 1-0

[Event "Bastia CC Spring op 35th"]
[Site "Bastia"]
[Date "2009.03.27"]
[Round "?"]
[White "Lhostis, Florian"]
[Black "Porsia, Pietro"]
[Result "0-1"]
[WhiteElo "1260"]
[BlackElo "1220"]
[PlyCount "58"]
[EventDate "2009.03.21"]
[EventType "swiss"]
[EventRounds "5"]
[EventCountry "FRA"]
[SourceTitle "EXT 2010"]
[Source "ChessBase"]
[SourceDate "2010.11.25"]
[SourceVersion "1"]
[SourceVersionDate "2010.11.25"]
[SourceQuality "1"]

1. e4 e5 2. Nf3 Nc6 3. Bc4 d6 4. Nc3 Nf6 5. Ng5 Qe7 6. Bxf7+ Kd8 7. Bc4 Kd7 8. 0-0 d5 9. exd5 Nxd5 10. Qg4+ Kd6 11. Qg3 Ncb4 12. Bb3 Be6 13. Nxe6 Qxe6 14. a3 Nxc3 15. Bxe6 Ne2+ 16. Kh1 Nxg3+ 17. fxg3 Nxc2 18. Rb1 Kxe6 19. d3 Rd8 20. Rf2 Ne1 21. Bg5 Nxd3 22. Bxd8 Nxf2+ 23. Kg1 Bc5 24. Kf1 Rxd8 25. Rc1 Nd3 26. Rd1 Rf8+ 27. Ke2 Nxb2 28. Rc1 Rf2+ 29. Ke1 Nd3+ 0-1